01174nam a2200241Ia 450000100060000000300090000600800410001504000130005604000130006904100130008210000230009510000290011824500930014724500930024025000110033326000110034426000080035526000490036330000550041250004030046765000310087065000310090186880IT-RoPAU130308s9999 xx 000 0 und d aIT-RoPAU cIT-RoPAU aITALIANO aDe Finis Francesco gCodice Aut. SPICS: 7460 aEnciclopedia della stampa-Aggiornamento N.01: metodologia della scienza ed epistemologia bEnciclopedia della Stampa-Aggiornamento N.01: Metodologia della Scienza ed Epistemologia a1a ed. aTORINO bSEI c1969 [1° Ed.:1969 - Ed.Ling.Originale:1969] a"68 p. (prefazione: no ; testo: 68 [pagine: 0-0])" aAritmetica geometria Algebra calcolo Infinitesimale e Matematiche superiori Aspetti metodologici della Nuova Mentalità€ Matematica Fisica Epistemologia della Fisica dell'Ottocento chimica Fisica moderna Aspetti metodologici della Scienza del Novecento Biologia Psicologia Sociologia Lessico Essenziale Bibliografia Schede biografiche dei principali Artefici del Progresso Scientifico e Tecnologico aENCICLOPEDIE SULL'EDITORIA eCodice materia Spics: 6601